Rekordmeister im Fußball - Statistiken

Allgemein
  • Dieses Quiz wurde 134 mal gespielt
  • Das Durchschnittsergebnis liegt bei 19 aus 46
Antwortstatistiken
Land Antwort % Korrekt
Deutschland FC Bayern München
100%
England FC Liverpool
98%
Spanien Real Madrid
98%
Niederlande Ajax Amsterdam
97%
Italien Juventus Turin
97%
Portugal Benfica Lissabon
95%
Schottland Glasgow Rangers
94%
Frankreich Paris Saint-Germain
93%
Dänemark FC Kopenhagen
78%
Österreich Rapid Wien
72%
Türkei Galatasaray
70%
Polen Legia Warschau
68%
Belgien RSC Anderlecht
61%
Bulgarien ZSKA Sofia
61%
Schweden Malmö
60%
Ukraine Dynamo Kiew
59%
Serbien Roter Stern Belgrad
58%
Tschechien Sparta Prag
54%
Kroatien Dinamo Zagreb
51%
Griechenland Olympiakos Piräus
42%
Norwegen Rosenborg BK
42%
Argentinien Boca Juniors
41%
Schweiz Grasshopper Club Zürich
37%
USA Los Angeles Galaxy
35%
Russland Spartak Moskau
33%
Saudi-Arabien Al Hilal
30%
Israel Maccabi Tel Aviv
28%
Slowakei Slovan Bratislava
27%
Aserbaidschan Qarabag Agdam
23%
Ägypten Al Ahly
21%
Moldau Sheriff Tiraspol
20%
Marokko Wydad Casablanca
18%
Chile Colo-Colo
17%
Brasilien Palmeiras
12%
Irland Shamrock Rovers
11%
Australien Sydney FC
10%
Tunesien Esperance Tunis
7%
Südafrika Mamelodi Sundowns
7%
Japan Kashima Antlers
5%
Uruguay Penarol
5%
Südkorea Jeonbuk Hyundai
4%
Bolivien Bolivar La Paz
3%
Ungarn Ferencvarosi
3%
Mexiko Santos Laguna
2%
Ecuador Barcelona SC Guayaquil
1%
Rumänien FC Dinamo 1948
1%
Keine übereinstimmenden Quizze gefunden
Verteilung der Resultate
Anzahl Personen mit jedem Resultat
Perzentil nach korrekt beantworteten Fragen
Ihre Resultats-Entwicklung
Sie haben dieses Quiz noch nicht gespielt